000 00612nam a2200181Ia 4500
008 100921s9999 xx 000 0 und d
082 _b35494
_a891.463 न 02
100 _aलागू चिंतामणी.
245 _aकोहरा.
260 _bदिलिपराज प्रकाशन,पुणे.
_c2002
300 _a176
_bदिलिपराज प्रकाशन,पुणे.
365 _b150
520 _aललित-कादंबरी.
630 _aकोहरा.
650 _aललित-कादंबरी.
730 _aकोहरा.
942 _cBOOK
999 _c784607
_d784604